|
|
|
|
| LEADER |
01181nam a2200289 4500 |
| 001 |
00023383 |
| 008 |
111121s1997 bg w 000 0 mul d |
| 040 |
|
|
|a BD-DhAAL
|c BD-DhAAL
|
| 082 |
0 |
0 |
|a 348.5492/046
|2 22
|
| 130 |
0 |
|
|a BLD
|
| 245 |
0 |
0 |
|a Bangladesh Legal Decisions,
|n volume no.17 /
|c editor Gour Gopal Saha, acting editor Ahmed Ali
|
| 246 |
1 |
7 |
|a B.L.D.
|
| 260 |
|
|
|a Dhaka :
|b Bangladesh Bar Council,
|c 1997
|
| 300 |
|
|
|a Various pagings ;
|c 24 cm.
|
| 362 |
0 |
|
|a Vol.XVII,1997
|
| 500 |
|
|
|a REGN. NO. DA513, Volume XVII
|
| 500 |
|
|
|a Appellate Div.High Court Div.
|
| 590 |
|
|
|a Published yearly.
|
| 541 |
|
|
|e 00023383
|
| 650 |
|
0 |
|a Law reports, digests, etc.
|z Bangladesh.
|
| 700 |
1 |
|
|a Saha,Gour Gopal
|
| 700 |
1 |
|
|a Ali,Ahmed
|
| 710 |
1 |
|
|a Bangladesh Bar Council.
|
| 852 |
1 |
|
|a Ayesha Abed Library
|j General shelf
|
| 999 |
|
|
|c 11459
|d 11459
|
| 952 |
|
|
|0 0
|1 0
|2 ddc
|4 0
|6 348_549204600000000_BAN
|7 0
|8 REF
|9 18621
|a BRACUL
|b BRACUL
|c REF
|d 2011-11-21
|l 1
|o 348.5492046 BAN
|p 3010023383
|r 2018-03-15
|s 2018-03-15
|t 1
|w 2011-11-21
|y RSV
|
| 952 |
|
|
|0 0
|1 0
|2 ddc
|4 0
|6 348_549204600000000_BAN
|7 0
|8 REF
|9 19977
|a BRACUL
|b BRACUL
|c CIR
|d 2012-04-10
|l 0
|o 348.5492046 BAN
|p 3010024539
|r 2012-04-10
|t 2
|w 2012-04-10
|y 1HOUR
|